<?xml version="1.0" encoding="UTF-8"?>
<record
    xmlns:xsi="http://www.w3.org/2001/XMLSchema-instance"
    xsi:schemaLocation="http://www.loc.gov/MARC21/slim http://www.loc.gov/standards/marcxml/schema/MARC21slim.xsd"
    xmlns="http://www.loc.gov/MARC21/slim">

  <leader>01373nam0a22003011  4500</leader>
  <controlfield tag="001">rc\207573</controlfield>
  <controlfield tag="005">20260406071833.0</controlfield>
  <datafield tag="010" ind1=" " ind2=" ">
    <subfield code="a">5-02-003867-9</subfield>
    <subfield code="9">1440</subfield>
  </datafield>
  <datafield tag="035" ind1=" " ind2=" ">
    <subfield code="a">(NLR Aleph) 005458706</subfield>
  </datafield>
  <datafield tag="090" ind1=" " ind2=" ">
    <subfield code="a">4934383</subfield>
    <subfield code="c">4934383</subfield>
  </datafield>
  <datafield tag="100" ind1=" " ind2=" ">
    <subfield code="a">20030307d1991    |||y0rusy50      ca</subfield>
  </datafield>
  <datafield tag="101" ind1="0" ind2=" ">
    <subfield code="a">rus</subfield>
  </datafield>
  <datafield tag="102" ind1=" " ind2=" ">
    <subfield code="a">RU</subfield>
  </datafield>
  <datafield tag="105" ind1=" " ind2=" ">
    <subfield code="a">a   |||||||||</subfield>
  </datafield>
  <datafield tag="200" ind1="1" ind2=" ">
    <subfield code="a">&#x410;&#x43B;&#x435;&#x43A;&#x441;&#x430;&#x43D;&#x434;&#x440; &#x418;&#x432;&#x430;&#x43D;&#x43E;&#x432;&#x438;&#x447; &#x426;&#x435;&#x43B;&#x438;&#x43A;&#x43E;&#x432;</subfield>
    <subfield code="e">&#x423;&#x447;&#x435;&#x43D;&#x44B;&#x439;. &#x41A;&#x43E;&#x43D;&#x441;&#x442;&#x440;&#x443;&#x43A;&#x442;&#x43E;&#x440;. &#x41F;&#x435;&#x434;&#x430;&#x433;&#x43E;&#x433;</subfield>
    <subfield code="e">(&#x422;&#x432;&#x43E;&#x440;&#x447;. &#x43F;&#x43E;&#x440;&#x442;&#x440;. &#x43F;&#x43E; &#x432;&#x43E;&#x441;&#x43F;&#x43E;&#x43C;&#x438;&#x43D;&#x430;&#x43D;&#x438;&#x44F;&#x43C; &#x441;&#x43E;&#x432;&#x440;&#x435;&#x43C;&#x435;&#x43D;&#x43D;&#x438;&#x43A;&#x43E;&#x432;)</subfield>
    <subfield code="f">[&#x410;&#x41D; &#x421;&#x421;&#x421;&#x420;</subfield>
    <subfield code="g">&#x421;&#x43E;&#x441;&#x442;. &#x412;.&#x413;. &#x414;&#x440;&#x43E;&#x437;&#x434;]</subfield>
    <subfield code="g">&#x41E;&#x442;&#x432;. &#x440;&#x435;&#x434;. &#x41A;.&#x412;. &#x424;&#x440;&#x43E;&#x43B;&#x43E;&#x432;</subfield>
  </datafield>
  <datafield tag="210" ind1=" " ind2=" ">
    <subfield code="a">&#x41C;.</subfield>
    <subfield code="c">&#x41D;&#x430;&#x443;&#x43A;&#x430;</subfield>
    <subfield code="d">1991</subfield>
  </datafield>
  <datafield tag="215" ind1=" " ind2=" ">
    <subfield code="a">157 &#x441;.</subfield>
    <subfield code="c">&#x438;&#x43B;.</subfield>
    <subfield code="d">21</subfield>
  </datafield>
  <datafield tag="225" ind1="1" ind2=" ">
    <subfield code="a">&#x421;&#x435;&#x440;&#x438;&#x44F; "&#x423;&#x447;&#x435;&#x43D;&#x44B;&#x435; &#x421;&#x421;&#x421;&#x420;. &#x41E;&#x447;&#x435;&#x440;&#x43A;&#x438;, &#x432;&#x43E;&#x441;&#x43F;&#x43E;&#x43C;&#x438;&#x43D;&#x430;&#x43D;&#x438;&#x44F;, &#x43C;&#x430;&#x442;&#x435;&#x440;&#x438;&#x430;&#x43B;&#x44B;"</subfield>
  </datafield>
  <datafield tag="320" ind1=" " ind2=" ">
    <subfield code="a">&#x425;&#x440;&#x43E;&#x43D;&#x43E;&#x43B;. &#x443;&#x43A;&#x430;&#x437;. &#x43E;&#x441;&#x43D;&#x43E;&#x432;&#x43D;&#x44B;&#x445; &#x442;&#x440;. &#x410;.&#x418;. &#x426;&#x435;&#x43B;&#x438;&#x43A;&#x43E;&#x432;&#x430; / &#x421;&#x43E;&#x441;&#x442;&#x430;&#x432;&#x438;&#x43B;&#x438; &#x412;.&#x413;. &#x414;&#x440;&#x43E;&#x437;&#x434;, &#x41B;.&#x412;. &#x421;&#x443;&#x440;&#x43A;&#x43E;&#x432;&#x430;: &#x441;. 128-151</subfield>
  </datafield>
  <datafield tag="702" ind1=" " ind2="1">
    <subfield code="a">&#x414;&#x440;&#x43E;&#x437;&#x434;</subfield>
    <subfield code="b">&#x412;.&#x413;.</subfield>
    <subfield code="g">&#x412;&#x43B;&#x430;&#x434;&#x438;&#x43C;&#x438;&#x440; &#x413;&#x440;&#x438;&#x433;&#x43E;&#x440;&#x44C;&#x435;&#x432;&#x438;&#x447;</subfield>
    <subfield code="4">220</subfield>
  </datafield>
  <datafield tag="702" ind1=" " ind2="1">
    <subfield code="4">340</subfield>
    <subfield code="8">rus</subfield>
    <subfield code="7">ca</subfield>
    <subfield code="a">&#x424;&#x440;&#x43E;&#x43B;&#x43E;&#x432;</subfield>
    <subfield code="b">&#x41A;. &#x412;.</subfield>
    <subfield code="c">&#x434;-&#x440; &#x442;&#x435;&#x445;&#x43D;. &#x43D;&#x430;&#x443;&#x43A;</subfield>
    <subfield code="f">1932-2007</subfield>
    <subfield code="g">&#x41A;&#x43E;&#x43D;&#x441;&#x442;&#x430;&#x43D;&#x442;&#x438;&#x43D; &#x412;&#x430;&#x441;&#x438;&#x43B;&#x44C;&#x435;&#x432;&#x438;&#x447;</subfield>
    <subfield code="3">RU\NLR\AUTH\7729062</subfield>
    <subfield code="9">12091</subfield>
  </datafield>
  <datafield tag="712" ind1="0" ind2="1">
    <subfield code="a">&#x410;&#x41D; &#x421;&#x421;&#x421;&#x420;</subfield>
  </datafield>
  <datafield tag="801" ind1=" " ind2="0">
    <subfield code="a">RU</subfield>
    <subfield code="b">NLR</subfield>
    <subfield code="g">psbo</subfield>
  </datafield>
  <datafield tag="801" ind1=" " ind2="1">
    <subfield code="a">RU</subfield>
    <subfield code="b">ELAR</subfield>
    <subfield code="2">rusmarc</subfield>
  </datafield>
  <datafield tag="852" ind1=" " ind2=" ">
    <subfield code="a">NLR</subfield>
    <subfield code="j">92-5/223</subfield>
  </datafield>
  <datafield tag="942" ind1=" " ind2=" ">
    <subfield code="c">BOOK</subfield>
  </datafield>
  <datafield tag="980" ind1=" " ind2=" ">
    <subfield code="a">NB</subfield>
  </datafield>
  <datafield tag="995" ind1=" " ind2=" ">
    <subfield code="5">2013-10-26</subfield>
    <subfield code="b">NLR01</subfield>
    <subfield code="c">NLR01</subfield>
    <subfield code="e">RF91</subfield>
    <subfield code="f">5458706-10</subfield>
    <subfield code="k">92-5/223</subfield>
    <subfield code="o">0</subfield>
    <subfield code="r">BOOK</subfield>
    <subfield code="s">925223_</subfield>
  </datafield>
</record>
